| 000 | 00000nam 2200000za 4500 |
| 001 | 9.816602 |
| 003 | CaOODSP |
| 005 | 20250403105747 |
| 007 | cr ||||||||||| |
| 008 | 160429s1992 onc |o f|0| 0 fre d |
| 040 | |aCaOODSP|bfre |
| 043 | |an-cn--- |
| 086 | 1 |aCS89-538/1992F-PDF |
| 100 | 1 |aChe-Alford, Janet. |
| 245 | 13|aLa mobilité résidentielle des Canadiens |h[ressource électronique] / |cpar Janet Che-Alford. |
| 260 | |a[Ottawa] : |bStatistique Canada, |c1992. |
| 300 | |aii, 33 p. : |btableaux, graphiques. |
| 500 | |aPubli. aussi en anglais sous le titre : Residential mobility of Canadians. |
| 500 | |aÉdition numérisée de l'imprimé [par Statistique Canada]. |
| 692 | 07|2gccst|aMigration |
| 692 | 07|2gccst|aMigration interne |
| 710 | 2 |aStatistique Canada. |
| 775 | 08|tResidential mobility of Canadians |w(CaOODSP)9.816601 |
| 856 | 40|qPDF|s4.64 Mo|uhttps://publications.gc.ca/collections/collection_2016/statcan/CS89-538-1992-fra.pdf |